000 00917nam a2200265Ia 4500
003 OSt
005 20220923230628.0
006 a|||||r|||| 00| 0
007 ta
008 220922b |||||||| |||| 00| 0 hin d
024 _a285,314
037 _cTextual
040 _aARTS
_cARTS
_bhin
041 _2hin
_ahin
082 _aY1:5, 1512K1
110 _aमहाराष्ट्र जनगणना कार्यालय, मुंबई
_9169085
245 0 _aजिल्हा जनगणना निर्देशग्रंथ
246 _aJilhā janagaṇanā nirdeshagrantha
260 _c1961
300 _a244पृ.
_ccm.
650 _aभारतीय-लोक साहित्य
700 _aमहाराष्ट्र जनगणना कार्यालय, मुंबई
_9169086
942 _hY1:5, 1512K1
_cTEXL
_2CC
999 _c386153
_d386153